The divine possibilities in man / (Record no. 132119)

MARC details
000 -LEADER
fixed length control field 00603nam a22002177a 4500
005 - DATE AND TIME OF LATEST TRANSACTION
control field 20170124110148.0
010 ## - LIBRARY OF CONGRESS CONTROL NUMBER
LC control number A-612892
020 ## - INTERNATIONAL STANDARD BOOK NUMBER
Terms of availability 00.00
035 ## - SYSTEM CONTROL NUMBER
System control number A-612892
037 ## - SOURCE OF ACQUISITION
Source of stock number/acquisition Cen Lib/Ret
040 ## - CATALOGING SOURCE
Original cataloging agency DPL
Language of cataloging EN
082 ## - DEWEY DECIMAL CLASSIFICATION NUMBER
Classification number 210
Item number GOP
100 ## - MAIN ENTRY--PERSONAL NAME
Personal name Gopi Krishna
9 (RLIN) 33759
245 ## - TITLE STATEMENT
Title The divine possibilities in man /
Statement of responsibility, etc by Gopi Krishna
260 ## - PUBLICATION, DISTRIBUTION, ETC. (IMPRINT)
Place of publication, distribution, etc New Delhi
Name of publisher, distributor, etc UBSPD
Date of publication, distribution, etc 1993
270 ## - ADDRESS
Address 5, Ansari Road
City New Delhi
Postal code 110002
300 ## - PHYSICAL DESCRIPTION
Extent xiv,118p.
Dimensions 20cm(Hb)
650 ## - SUBJECT ADDED ENTRY--TOPICAL TERM
Topical term or geographic name as entry element Religion and science
9 (RLIN) 11093
650 ## - SUBJECT ADDED ENTRY--TOPICAL TERM
Topical term or geographic name as entry element Spiritual life
9 (RLIN) 8840
942 ## - ADDED ENTRY ELEMENTS (KOHA)
Source of classification or shelving scheme Dewey Decimal Classification
Koha item type English Books
Classification part 210
Call number suffix GOP
Holdings
Withdrawn status Lost status Damaged status Not for loan Home library Current library Date acquired Source of acquisition Cost, normal purchase price Total Checkouts Full call number Barcode Date last seen Date checked out Copy number Cost, replacement price Price effective from Koha item type
        Central Library Central Library 21/07/2015 Cen Lib/Ret 0.00 1 210 GOP A-612892 16/08/2018 02/08/2018 1 0.00 21/07/2015 English Books

© Delhi Public Library
Hit Counter
free hit counter